LEADER 01031nam0-22003491i-450- 001 990002048280403321 005 20130313165630.0 035 $a000204828 035 $aFED01000204828 035 $a(Aleph)000204828FED01 035 $a000204828 100 $a20030910d1840----km-y0itay50------ba 101 0 $afre 200 1 $aHistoire naturelle des animaux articules$eannelides, crustaces, arachnides, myriapodes et insectes$fF. Castelnau, E. Blanchard 210 $aParis$cP. Dumenil$d1840 215 $a4 v.$d22 cm 610 0 $aVolumi di pregio 610 0 $aInsetti 610 0 $aMyriapoda 610 0 $aArachnida 610 0 $aCrustacea 610 0 $aEntomologia 676 $a595.7 702 1$aBlanchard,$bÉmile$f<1819-1900> 702 1$aCastelnau,$bFrancis de$f<1810-1880> 801 0$aIT$bUNINA$gRICA$2UNIMARC 901 $aBK 912 $a990002048280403321 952 $a61 VI B.6/106.1-4$bOpv. 452$fDAGEN 959 $aDAGEN 996 $aHistoire naturelle des animaux articules$9406472 997 $aUNINA LEADER 02299oam 2200589 450 001 9910712950703321 005 20220225131734.0 035 $a(CKB)5470000002498686 035 $a(OCoLC)1143393826$z(OCoLC)1182635237$z(OCoLC)1273735947 035 $a(EXLCZ)995470000002498686 100 $a20200306d2011 ua 0 101 0 $aeng 135 $aur||||||||||| 181 $ctxt$2rdacontent 182 $cc$2rdamedia 183 $acr$2rdacarrier 200 10$aSOP for sampling of intertidal invertebrates and algae on sheltered rocky shores: Southwest Alaska Inventory and Monitoring Network /$fThomas A. Dean, James L. Bodkin 205 $aVersion 4.6. 210 1$aFort Collins, Colorado :$cU.S. Department of the Interior, National Park Service, Natural Resource Program Center,$d2011. 215 $a1 online resource (ix, 84 pages) $ccolor illustrations, color maps 225 1 $aNatural resource report ;$vNPS/SWAN/NRR--2011/397 300 $a"NPS 953/107701, May 2011"--Page ii. 300 $a"Experience your America"--Page 4 of cover. 300 $aIncludes tables. 320 $aIncludes bibliographical references (pages 29-31). 517 $aSOP for sampling of intertidal invertebrates and algae on sheltered rocky shores 606 $aEnvironmental monitoring$zAlaska, Southwest 606 $aSeashore ecology$zAlaska, Southwest 606 $aAlgal communities$zAlaska, Southwest 606 $aIntertidal organisms$zAlaska, Southwest 606 $aInvertebrate surveys$zAlaska, Southwest 607 $aAlaska, Southwest$xEnvironmental conditions 615 0$aEnvironmental monitoring 615 0$aSeashore ecology 615 0$aAlgal communities 615 0$aIntertidal organisms 615 0$aInvertebrate surveys 700 $aDean$b Thomas A.$028577 702 $aBodkin$b James L$g(James Lee), 712 02$aNatural Resource Program Center (U.S.), 801 0$bGPO 801 1$bGPO 801 2$bGPO 801 2$bOCLCF 801 2$bGPO 801 2$bOCLCQ 801 2$bOCLCO 801 2$bGPO 906 $aBOOK 912 $a9910712950703321 996 $aSOP for sampling of intertidal invertebrates and algae on sheltered rocky shores: Southwest Alaska Inventory and Monitoring Network$93513483 997 $aUNINA